00761nac a22001931u 4500020002200000082001700022090001300039100003400052245006200086260003800148300004200186650003700228650005500265650005100320650003400371942001900405999001300424952013000437 a1590590430 (pbk.) a005.133bE99 c512d512 aEzzio, David.  aUsing and understanding Java data objects /cDavid Ezzio. aBerkeley, Calif.bApress,cc2003. axxix, 426 p. :bill., port. ;c24 cm. aJava (Computer program language) aApplication program interfaces (Computer software) aObject-oriented programming (Computer science) aComputer softwarexStandards. cBBk005.133E99 c512d512 00102ddc40708 aMAINbMAINcLOWd2016-06-06epurchaseg315.00l0o005.133 EZZp000004107r2025-07-15 00:00:00v393.75yBB